[Event "San Vicente IRT"]
[Site "San Vicente"]
[Date "2014.07.22"]
[Round "3.4"]
[White "Tonus, Alex"]
[Black "Magdaleno Puche, Juan Pedro"]
[Result "1-0"]
[WhiteElo "1986"]
[BlackElo "1731"]
[PlyCount "83"]
[EventDate "2014.07.21"]
[EventType "swiss"]
[EventRounds "8"]
[EventCountry "ESP"]
[SourceTitle "EXT 2024"]
[Source "ChessBase"]
[SourceDate "2023.10.10"]
[SourceVersion "1"]
[SourceVersionDate "2023.10.10"]
[SourceQuality "1"]

1. e4 e6 2. b3 d5 3. Bb2 Nf6 4. exd5 exd5 5. Qe2+ Be6 6. Nc3 Be7 7. 0-0-0 0-0 8. Nf3 c5 9. Ne5 a6 10. g4 d4 11. Nb1 Nd5 12. f3 Qa5 13. a3 b5 14. Qe4 Nb6 15. Bd3 g6 16. Rde1 Bd5 17. Qe2 Bh4 18. Ref1 Nc6 19. Nxc6 Bxc6 20. Be4 Rfe8 21. Qd3 Bxe4 22. fxe4 Nd7 23. Qh3 Bg5 24. Qg2 Bh4 25. Qh3 Bg5 26. Qg2 Ne5 27. h4 Bd8 28. h5 g5 29. Rf5 f6 30. Rhf1 h6 31. d3 Rc8 32. Nd2 Qb6 33. Nf3 Nxf3 34. Qxf3 c4 35. Kb1 cxb3 36. cxb3 Qe6 37. Rd5 Bb6 38. Qxf6 Qxf6 39. Rxf6 Rf8 40. Rg6+ Kh8 41. Rxh6+ Kg8 42. Rxg5+ 1-0

[Event "Valencia-ch"]
[Site "Valencia"]
[Date "2012.04.14"]
[Round "1"]
[White "Montalban Galvez, Antonio"]
[Black "Magdaleno Puche, Juan Pedro"]
[Result "1/2-1/2"]
[WhiteElo "2186"]
[BlackElo "1752"]
[PlyCount "64"]
[EventDate "2012.04.14"]
[EventType "swiss"]
[EventRounds "7"]
[EventCountry "ESP"]
[SourceTitle "CBM 148 Extra"]
[Source "ChessBase"]
[SourceDate "2012.06.22"]
[SourceVersion "1"]
[SourceVersionDate "2012.06.22"]
[SourceQuality "1"]

1. Nf3 Nf6 2. c4 g6 3. g3 Bg7 4. Bg2 0-0 5. 0-0 d6 6. d4 Nbd7 7. Qc2 e5 8. Rd1 Qe7 9. Nc3 c6 10. e4 Rb8 11. h3 a6 12. c5 Ne8 13. cxd6 Nxd6 14. dxe5 Nxe5 15. Nxe5 Bxe5 16. Bh6 Rd8 17. f4 Bh8 18. e5 Nf5 19. Bg5 Rxd1+ 20. Rxd1 f6 21. exf6 Bxf6 22. Bxf6 Qxf6 23. Ne4 Qe7 24. Qc3 Be6 25. Nf6+ Kf7 26. Nxh7 Bxa2 27. Re1 Qd6 28. Ng5+ Kg8 29. Kh2 Rd8 30. Ne4 Qd4 31. Nf6+ Kf7 32. Ne4 Qxc3 1/2-1/2